000 00311nam a2200109Ia 4500
008 171211s9999 xx 000 0 und d
245 _aIntimate Violence: Hitchcock, Sex, and Queer Theory
245 _cDavid Greven
260 _c2017
650 _xcinema
856 _uhttp://down.ebook777.com/064/0190214171.pdf
999 _c348724
_d348724